| 000 | 00560nam a2200181Ia 4500 | ||
|---|---|---|---|
| 005 | 20250326140500.0 | ||
| 008 | 250326s9999 xx 000 0 und d | ||
| 037 | _aTextbook | ||
| 040 |
_aFMSL _beng _cFMSL |
||
| 041 |
_aeng _2eng |
||
| 084 |
_aX9W:87 M3 _qFMSL |
||
| 100 | _aTandon G L | ||
| 245 | 0 |
_aReflectors on the public sector from a chief _cTandon G L |
|
| 260 |
_aNew Delhi _bNew Delhi, Documentation Centre For Corporate And Business Policy Research _c1983 |
||
| 300 | _a190p | ||
| 942 |
_cTB _hX9W:87 M3 |
||
| 999 |
_c1286013 _d1286013 |
||